[Event "6tth ch-EUR IBCA 2015"]
[Site "Lyon FRA"]
[Date "2015.07.25"]
[Round "1.29"]
[White "Duthoit, Bernard"]
[Black "Pirosca, Alexandru"]
[Result "0-1"]
[WhiteElo "1372"]
[BlackElo "2003"]
[WhiteFideId "20652143"]
[BlackFideId "1211110"]
[EventDate "2015.07.25"]

1. e4 c5 2. Nf3 Nc6 3. c3 d5 4. exd5 Qxd5 5. g3 Bg4 6. Bg2 Ne5 7. O-O Bxf3 8.
Qe1 Bxg2 9. f4 Nf3+ 10. Rxf3 Qxf3 11. Qf2 Qxf2+ 12. Kxf2 Bc6 13. Na3 Nf6 14. Nc2
e6 15. d4 Be7 16. Be3 Ng4+ 17. Ke2 Nxe3 18. Kxe3 O-O-O 19. Rd1 Bf6 20. Rd3 cxd4+
21. Nxd4 Bxd4+ 22. cxd4 Rd7 23. a3 Rd5 24. h4 Bb5 0-1

[Event "6tth ch-EUR IBCA 2015"]
[Site "Lyon FRA"]
[Date "2015.07.26"]
[Round "2.1"]
[White "Tazbir, Marcin"]
[Black "Cajzler, Hinko"]
[Result "1-0"]
[WhiteTitle "GM"]
[WhiteElo "2516"]
[BlackElo "2135"]
[WhiteFideId "1122452"]
[BlackFideId "14501376"]
[EventDate "2015.07.25"]

1. g3 d5 2. Bg2 Nf6 3. Nf3 c6 4. O-O Bg4 5. b3 e6 6. Bb2 Be7 7. c4 Nbd7 8. d3
O-O 9. Qc2 Re8 10. Nbd2 h6 11. Rfe1 Bf8 12. Rac1 e5 13. h3 Bxf3 14. Bxf3 Qb6 15.
Bg2 a5 16. a3 Bd6 17. e3 Qd8 18. Nb1 Qe7 19. cxd5 Nxd5 20. Rcd1 Nc7 21. Bf1 Rf8
22. Qc1 Rac8 23. Nd2 Ne6 24. d4 Bb8 25. dxe5 Bxe5 26. Nc4 Bxb2 27. Qxb2 Ra8 28.
Bg2 Ndc5 29. f4 Rfd8 30. Qc3 Qc7 31. Kh2 a4 32. b4 Nb3 33. Nb2 c5 34. b5 Rxd1
35. Rxd1 Qa5 36. Qxa5 Rxa5 37. b6 Ra6 38. Rd6 Na5 39. Bf1 Ra8 40. f5 Nf8 41.
Nxa4 c4 42. Nc3 g6 43. g4 gxf5 44. gxf5 Kg7 45. Nd5 Nc6 46. Bxc4 Ne5 47. Bf1
Rxa3 48. Bg2 Nfd7 49. f6+ Kf8 50. Be4 Ra8 51. Bf5 Nc5 52. Nc7 Nc4 53. Rd4 1-0

[Event "6tth ch-EUR IBCA 2015"]
[Site "Lyon FRA"]
[Date "2015.07.26"]
[Round "2.2"]
[White "Mueller, Thorsten"]
[Black "Babarykin, Stanislav"]
[Result "0-1"]
[BlackTitle "FM"]
[WhiteElo "2133"]
[BlackElo "2357"]
[WhiteFideId "4653319"]
[BlackFideId "4101898"]
[EventDate "2015.07.25"]

1. d4 Nf6 2. Nf3 g6 3. Bf4 Bg7 4. e3 d6 5. Be2 O-O 6. h3 c5 7. c3 cxd4 8. exd4
Nc6 9. O-O Be6 10. Re1 Rc8 11. Bf1 Qb6 12. Bc1 Rfe8 13. Nbd2 Qc7 14. Ng5 Bf5 15.
Qb3 d5 16. Ngf3 Rcd8 17. Nh4 Bc8 18. Ndf3 Nh5 19. Bb5 Bf6 20. g4 Nf4 21. Bf1 h5
22. g5 Bg7 23. Bxf4 Qxf4 24. Qd1 Qd6 25. Qd2 a6 26. Rad1 b5 27. Bg2 Bb7 28. Re2
Qc7 29. Rde1 e6 30. Qd3 Kh7 31. Bh1 Rd7 32. Ng2 Red8 33. Ngh4 Re8 34. Nxg6 fxg6
35. Nh4 Ne7 36. Rxe6 Qf4 37. Rxg6 Qxh4 38. Rd6+ Kh8 39. Rxd7 Bc8 40. Rexe7 Bxd7
41. Rxd7 Qxg5+ 42. Bg2 Rg8 43. Qf3 Bh6 44. Rxd5 Qc1+ 45. Kh2 Bf4+ 46. Qg3 Bxg3+
47. fxg3 Rg5 48. Rd8+ Kg7 49. Rd7+ Kf8 50. Rd6 h4 0-1

[Event "6tth ch-EUR IBCA 2015"]
[Site "Lyon FRA"]
[Date "2015.07.26"]
[Round "2.3"]
[White "Meshkov, Yuri A."]
[Black "Draghici Flutur, Gavril"]
[Result "1-0"]
[WhiteTitle "IM"]
[WhiteElo "2349"]
[BlackElo "2125"]
[WhiteFideId "4107101"]
[BlackFideId "1206508"]
[EventDate "2015.07.25"]

1. g3 d5 2. Bg2 Nf6 3. c4 d4 4. Nf3 Nc6 5. O-O e5 6. e3 d3 7. Nc3 h6 8. b4 e4 9.
Ne1 Bg4 10. Qa4 Be2 11. Nxe4 Nxe4 12. Bxe4 Qd7 13. b5 Nd8 14. f4 Bxf1 15. Kxf1
Be7 16. Bb2 O-O 17. Nxd3 c6 18. Bc3 cxb5 19. Qxb5 Nc6 20. Rb1 Rab8 21. Qf5 Qxf5
22. Bxf5 Rfd8 23. Ke2 Kf8 24. Be4 h5 25. h3 Bd6 26. g4 hxg4 27. hxg4 Ke7 28. g5
f6 29. Rg1 Rf8 30. Bd5 Nd8 31. gxf6+ gxf6 32. Rg7+ Ke8 33. a4 Rc8 34. Bb4 Bxb4
35. Nxb4 a5 36. Nc2 Nf7 37. Nd4 Nd6 38. Kd3 Rh8 39. Bxb7 Rxc4 40. Bc6+ 1-0

[Event "6tth ch-EUR IBCA 2015"]
[Site "Lyon FRA"]
[Date "2015.07.26"]
[Round "2.4"]
[White "Jandric, Damjan"]
[Black "Pakhomov, Alexey"]
[Result "0-1"]
[WhiteTitle "CM"]
[BlackTitle "IM"]
[WhiteElo "2122"]
[BlackElo "2346"]
[WhiteFideId "921475"]
[BlackFideId "4129016"]
[EventDate "2015.07.25"]

1. e4 d5 2. exd5 Nf6 3. Bb5+ Bd7 4. Be2 Nxd5 5. d4 Bf5 6. a3 e6 7. c4 Nb6 8. Nf3
Be7 9. O-O O-O 10. Be3 Nc6 11. b4 Bf6 12. b5 Na5 13. Nbd2 c6 14. bxc6 Nxc6 15.
Nb3 Rc8 16. Qd2 Qe7 17. Rfd1 Rfd8 18. Qa2 g5 19. Rac1 g4 20. Ne1 Bg5 21. Bxg5
Qxg5 22. Qd2 Qxd2 23. Rxd2 a5 24. c5 a4 25. Na1 Nxd4 26. Bd1 e5 27. Rb2 Nd7 28.
Bxa4 Nxc5 29. Bd1 b5 30. f3 h5 31. fxg4 hxg4 32. Nb3 Ncxb3 33. Rxc8 Rxc8 34.
Bxb3 Rc3 35. Bd5 Rxa3 36. g3 Kg7 37. Ng2 Ra1+ 38. Kf2 Rb1 39. Rd2 Bd7 40. Ne3 f5
41. Ba2 Rh1 42. Kg2 Bc6+ 43. Bd5 Bxd5+ 44. Nxd5 Rxh2+ 0-1

[Event "6tth ch-EUR IBCA 2015"]
[Site "Lyon FRA"]
[Date "2015.07.26"]
[Round "2.5"]
[White "Dimic, Pavle"]
[Black "Pribeanu, Mihail-Dacian"]
[Result "1-0"]
[WhiteTitle "FM"]
[BlackTitle "FM"]
[WhiteElo "2305"]
[BlackElo "2120"]
[WhiteFideId "937428"]
[BlackFideId "1209094"]
[EventDate "2015.07.25"]

1. d4 Nf6 2. Nf3 c5 3. d5 g6 4. Nc3 Bg7 5. e4 d6 6. Bb5+ Nfd7 7. a4 O-O 8. O-O
Na6 9. Re1 Nc7 10. Bf1 a6 11. Bf4 Rb8 12. a5 b5 13. axb6 Nxb6 14. Nd2 h6 15. Nb3
f5 16. Na5 Bb7 17. Nxb7 Rxb7 18. e5 Nc8 19. exd6 exd6 20. Bc1 Rb6 21. Na4 Rb7
22. Ra3 Qf6 23. c3 f4 24. Rb3 Rxb3 25. Qxb3 f3 26. g3 Nb5 27. Bh3 Kh7 28. Qc4
Qf7 29. Be6 Qf6 30. Qg4 h5 31. Qh3 Re8 32. Be3 Ne7 33. Nb6 Ng8 34. Nc4 Nh6 35.
Ra1 Rxe6 36. Qxe6 Qf8 37. Bxh6 Kxh6 38. Qe3+ Kh7 39. Nd2 Bh6 40. Qxf3 1-0

[Event "6tth ch-EUR IBCA 2015"]
[Site "Lyon FRA"]
[Date "2015.07.26"]
[Round "2.6"]
[White "Riegler, Dieter"]
[Black "Wassin, Sergej"]
[Result "1/2-1/2"]
[BlackTitle "FM"]
[WhiteElo "2095"]
[BlackElo "2298"]
[WhiteFideId "4606426"]
[BlackFideId "14103494"]
[EventDate "2015.07.25"]

1. d4 Nf6 2. c4 c5 3. d5 b5 4. cxb5 a6 5. bxa6 g6 6. Nc3 Bxa6 7. g3 Bg7 8. Bg2
d6 9. Nf3 Nbd7 10. Rb1 Nb6 11. O-O O-O 12. b3 Qc7 13. a4 Rfb8 14. Ne1 Nbd7 15.
Nc2 Ne8 16. Bd2 Qc8 17. Re1 Rb7 18. Na3 Rab8 19. Ncb5 Nc7 20. Nxc7 Qxc7 21. Qc2
Ne5 22. f4 Ng4 23. e3 Qd7 24. Nc4 1/2-1/2

[Event "6tth ch-EUR IBCA 2015"]
[Site "Lyon FRA"]
[Date "2015.07.26"]
[Round "2.7"]
[White "Grigorchuk, Sergey"]
[Black "Schellmann, Frank"]
[Result "1-0"]
[WhiteTitle "CM"]
[BlackTitle "CM"]
[WhiteElo "2295"]
[BlackElo "2093"]
[WhiteFideId "14114879"]
[BlackFideId "4669916"]
[EventDate "2015.07.25"]

1. d4 Nf6 2. c4 g6 3. Nc3 d5 4. cxd5 Nxd5 5. e4 Nxc3 6. bxc3 Bg7 7. Nf3 c5 8.
Be3 Qa5 9. Qd2 Nc6 10. Rb1 a6 11. Rc1 O-O 12. d5 Rd8 13. Be2 Bg4 14. O-O Rac8
15. Qc2 Bxf3 16. gxf3 Nb8 17. f4 b5 18. c4 e6 19. dxe6 fxe6 20. Bg4 Re8 21. e5
Nc6 22. cxb5 axb5 23. Qxc5 Bf8 24. Qc2 Kf7 25. Qb3 Qb4 26. Rfd1 Qxb3 27. axb3
Ba3 28. Ra1 b4 29. Rd6 Na5 30. Rad1 Nxb3 31. Rd7+ Re7 32. R1d6 Nc5 33. Bxc5 Rxc5
34. Bxe6+ Kf8 35. Bb3 Rxd7 36. Rxd7 Rc3 37. Rf7+ Ke8 38. Be6 b3 39. Rxh7 b2 40.
Bf7+ Kf8 41. Bxg6 Rc1+ 42. Kg2 b1=Q 43. Bxb1 Rxb1 44. f5 Rb5 45. f4 Bb2 46. Kf3
Bxe5 47. fxe5 Rxe5 48. Kf4 Re1 49. Kg5 Kg8 50. Ra7 Rb1 51. h4 Rg1+ 52. Kf6 Rh1
53. Rg7+ Kh8 54. Rg4 Ra1 55. Kg6 1-0

[Event "6tth ch-EUR IBCA 2015"]
[Site "Lyon FRA"]
[Date "2015.07.26"]
[Round "2.8"]
[White "Clemente Llamero, Roberto"]
[Black "Mueller, Oliver"]
[Result "1/2-1/2"]
[BlackTitle "FM"]
[WhiteElo "2076"]
[BlackElo "2269"]
[WhiteFideId "2257696"]
[BlackFideId "4633385"]
[EventDate "2015.07.25"]

1. e4 c5 2. Nf3 e6 3. d4 cxd4 4. Nxd4 a6 5. c4 Nf6 6. Nc3 Bb4 7. Qd3 Nc6 8. Nxc6
dxc6 9. Qxd8+ Kxd8 10. e5 Ne4 11. a3 Bxc3+ 12. bxc3 Kc7 13. Be3 b6 14. Bd3 Nc5
15. Bxc5 bxc5 16. Kd2 Rb8 17. Kc2 a5 18. Rab1 Rxb1 19. Rxb1 Ba6 20. a4 h6 21.
Re1 Rf8 22. Re3 f6 23. Rf3 Kd7 24. exf6 Rxf6 25. Rxf6 gxf6 26. Kd2 Ke7 27. Ke3
Bc8 28. f4 f5 29. Kf3 Kf6 30. Ke3 e5 31. fxe5+ Kxe5 32. g3 Be6 33. Be2 Bf7 34.
h4 Be6 35. Bd3 Bd7 36. Be2 Be6 37. Bd3 Bg8 38. Bf1 Bf7 39. Be2 Bg6 40. Bf3 Be8
41. Bd1 Bf7 42. Be2 Be8 43. Bf3 Bf7 44. Be2 1/2-1/2

[Event "6tth ch-EUR IBCA 2015"]
[Site "Lyon FRA"]
[Date "2015.07.26"]
[Round "2.9"]
[White "Stachanczyk, Jacek"]
[Black "Rositsan, Boris"]
[Result "1-0"]
[WhiteTitle "FM"]
[BlackTitle "FM"]
[WhiteElo "2259"]
[BlackElo "2051"]
[WhiteFideId "1116657"]
[BlackFideId "12802158"]
[EventDate "2015.07.25"]

1. e4 e5 2. Nc3 Nf6 3. Bc4 Bc5 4. d3 h6 5. f4 Bxg1 6. Rxg1 d6 7. Qf3 Nc6 8. f5
Nd4 9. Qf2 c6 10. Bb3 a5 11. a4 Ng4 12. Qg3 h5 13. h3 Nxb3 14. cxb3 Nf6 15. Be3
Kf8 16. O-O-O b5 17. d4 b4 18. dxe5 bxc3 19. exf6 cxb2+ 20. Kxb2 Qxf6+ 21. Bd4
h4 22. Qc3 Qh6 23. Qxc6 Rb8 24. Qc7 Ra8 25. Qd8# 1-0

[Event "6tth ch-EUR IBCA 2015"]
[Site "Lyon FRA"]
[Date "2015.07.26"]
[Round "2.10"]
[White "Mlacnik, Franc"]
[Black "Dukaczewski, Piotr"]
[Result "0-1"]
[BlackTitle "IM"]
[WhiteElo "2048"]
[BlackElo "2237"]
[WhiteFideId "14601923"]
[BlackFideId "1103520"]
[EventDate "2015.07.25"]

1. d4 f5 2. Nf3 Nf6 3. e3 g6 4. c4 Bg7 5. Nc3 O-O 6. Be2 d6 7. b3 c6 8. Bb2 Qa5
9. Qd2 e5 10. dxe5 dxe5 11. O-O Rd8 12. Qc2 e4 13. Nd2 Be6 14. a3 Nbd7 15. b4
Qc7 16. f3 Ne5 17. Na4 b6 18. Rad1 exf3 19. gxf3 Re8 20. e4 fxe4 21. Nxe4 Bf5
22. Nac3 Nh5 23. b5 Nf7 24. bxc6 Qxc6 25. Nd5 Ne5 26. Bxe5 Bxe5 27. Bd3 Rac8 28.
Kg2 Nf4+ 29. Nxf4 Bxf4 30. Qb2 Be5 31. Qb5 Qc7 32. a4 Kh8 33. Rc1 Qg7 34. h4 Qh6
35. Rh1 Qf4 36. Rcd1 Rcd8 37. Qb1 Bxe4 38. Bxe4 Rd2+ 39. Rxd2 Qxd2+ 0-1

[Event "6tth ch-EUR IBCA 2015"]
[Site "Lyon FRA"]
[Date "2015.07.26"]
[Round "2.11"]
[White "Zsiltzova-Lisenko, Lubov"]
[Black "Hervais, Adrien"]
[Result "0-1"]
[WhiteTitle "WIM"]
[WhiteElo "2224"]
[BlackElo "2029"]
[WhiteFideId "14101360"]
[BlackFideId "612294"]
[EventDate "2015.07.25"]

1. e4 e6 2. d4 d5 3. e5 c5 4. c3 Qb6 5. Nf3 Bd7 6. a3 Bb5 7. c4 Bxc4 8. Bxc4
dxc4 9. d5 Qb3 10. Qxb3 cxb3 11. dxe6 fxe6 12. Nbd2 h6 13. Nxb3 Nc6 14. Be3 b6
15. Nbd2 Nge7 16. Nc4 Nd5 17. O-O g5 18. h3 Nxe3 19. fxe3 O-O-O 20. Rad1 Bg7 21.
a4 Rxd1 22. Rxd1 Rd8 23. Rxd8+ Kxd8 24. Kf2 Ke7 25. Ke2 Kd7 26. Kd3 Ne7 27. g4
Ng6 28. Ke4 Kc6 29. b3 Nf8 30. Nd6 Kd7 31. Nc4 Kc6 32. Ncd2 Ng6 33. Nf1 b5 34.
N1d2 a6 35. a5 Bf8 36. b4 c4 37. Nd4+ Kd7 38. Nc2 Be7 39. Kd4 Kc6 40. Ne4 Bf8
41. Nf6 Bg7 42. Ke4 Bf8 43. Nh5 Kd7 44. Nf6+ Kc6 45. Ne8 Kd7 46. Nf6+ Kc8 47.
Kd4 Ne7 48. Ne4 Nc6+ 49. Kc3 Nxe5 50. Nd4 Nd3 51. Nxe6 Bxb4+ 52. Kc2 Bxa5 53.
Nd4 Ne5 54. Nf5 b4 55. Nxh6 b3+ 56. Kb2 Nd3+ 57. Kb1 c3 58. Nxc3 Bxc3 59. Nf5
Kd7 60. h4 gxh4 61. Nxh4 a5 62. Nf5 a4 63. Nd4 Bxd4 64. exd4 Kd6 65. g5 Nf4 66.
Kb2 Kd5 67. Kc3 Ne2+ 68. Kb2 Nxd4 69. g6 Ke6 70. Kc3 Kf6 71. Kb2 Kxg6 72. Kc3
Kf5 73. Kb2 Ke4 74. Ka3 Kd3 0-1

[Event "6tth ch-EUR IBCA 2015"]
[Site "Lyon FRA"]
[Date "2015.07.26"]
[Round "2.12"]
[White "Pirosca, Alexandru"]
[Black "Spinu, Evgeny"]
[Result "1/2-1/2"]
[BlackTitle "FM"]
[WhiteElo "2003"]
[BlackElo "2210"]
[WhiteFideId "1211110"]
[BlackFideId "13902784"]
[EventDate "2015.07.25"]

1. e4 c5 2. Nf3 Nc6 3. d4 cxd4 4. Nxd4 Nf6 5. Nc3 d6 6. Be3 Ng4 7. Bb5 Nxe3 8.
fxe3 Bd7 9. O-O e6 10. Bxc6 Bxc6 11. Qf3 Qd7 12. Nxc6 bxc6 13. e5 d5 14. Na4 Bb4
15. Qg4 Bf8 16. Rf3 h5 17. Qd4 Be7 18. Nc5 Qc8 19. Raf1 O-O 20. a4 Qc7 21. Nd3 1/2-1/2

[Event "6tth ch-EUR IBCA 2015"]
[Site "Lyon FRA"]
[Date "2015.07.26"]
[Round "2.13"]
[White "Znuderl, Matej"]
[Black "Komissarov, Alexey"]
[Result "0-1"]
[WhiteElo "2000"]
[BlackElo "2191"]
[WhiteFideId "14604337"]
[BlackFideId "4176545"]
[EventDate "2015.07.25"]

1. e4 c5 2. Nf3 d6 3. d4 cxd4 4. Qxd4 Nc6 5. Qe3 Nf6 6. h3 g6 7. Be2 Bg7 8. O-O
O-O 9. Rd1 Qc7 10. c4 Na5 11. Na3 a6 12. Rb1 Be6 13. b3 Nc6 14. Nc2 Nxe4 15.
Nfd4 Nxd4 16. Nxd4 d5 17. Nxe6 fxe6 18. Bb2 Qf4 19. Qxf4 Rxf4 20. Bxg7 Kxg7 21.
Rbc1 Rxf2 22. Bf3 Rxa2 23. cxd5 exd5 24. Rxd5 Nd6 25. Rc7 Kf6 26. Rd1 Ra5 27.
Bxb7 Ra7 28. Rd7 Nxb7 29. Re1 Re5 30. Rc1 Ke6 31. Rcc7 Nc5 32. Rxe7+ Kd6 33.
Red7+ Nxd7 34. Rxa7 a5 35. Kf2 h5 36. Ra6+ Kc7 37. Rxg6 Nc5 38. g4 hxg4 39. hxg4
Nxb3 40. g5 Nc5 41. Rg8 Rxg5 42. Ra8 Rd5 43. Ke3 Kb6 0-1

[Event "6tth ch-EUR IBCA 2015"]
[Site "Lyon FRA"]
[Date "2015.07.26"]
[Round "2.14"]
[White "Ross, Chris N"]
[Black "Muri, Emil"]
[Result "1-0"]
[WhiteTitle "CM"]
[WhiteElo "2184"]
[BlackElo "1951"]
[WhiteFideId "410411"]
[BlackFideId "14601354"]
[EventDate "2015.07.25"]

1. e4 Nc6 2. Nf3 d6 3. d4 Nf6 4. Nc3 g6 5. Bg5 Bg7 6. d5 Nb8 7. Qd2 a6 8. Nd4 b5
9. f3 Bb7 10. a4 b4 11. Na2 a5 12. Bb5+ Kf8 13. O-O Qc8 14. c3 c5 15. dxc6 Nxc6
16. Bxc6 Bxc6 17. cxb4 Bxa4 18. Nc3 Bd7 19. bxa5 Qc5 20. Be3 Qh5 21. a6 h6 22.
b4 g5 23. b5 g4 24. b6 gxf3 25. b7 Re8 26. Nxf3 Ng4 27. a7 Be5 28. h3 Nxe3 29.
Nxe5 Qxe5 30. Qxe3 Rg8 31. Qxh6+ Rg7 32. Qh8+ Rg8 33. Qxe5 1-0

[Event "6tth ch-EUR IBCA 2015"]
[Site "Lyon FRA"]
[Date "2015.07.26"]
[Round "2.15"]
[White "Eichstaedt, Mirko"]
[Black "Fernandez Manrique, Agustin"]
[Result "1/2-1/2"]
[WhiteElo "1997"]
[BlackElo "2183"]
[WhiteFideId "24692310"]
[BlackFideId "2231000"]
[EventDate "2015.07.25"]

1. d4 Nf6 2. c4 g6 3. g3 Bg7 4. Bg2 O-O 5. Nf3 d6 6. O-O Nbd7 7. Nc3 e5 8. e4 a6
9. Qc2 exd4 10. Nxd4 Ne5 11. b3 Ne8 12. Rd1 c5 13. Nde2 Bg4 14. Be3 Nf3+ 15. Kh1
Nd4 16. Bxd4 cxd4 17. f3 Bxf3 18. Bxf3 dxc3 19. Nxc3 Qa5 20. Rd3 Rc8 21. Rb1
Bxc3 22. Rxc3 Qe5 23. b4 b6 24. Rc1 Nc7 25. Rd3 Rfe8 26. Qd2 Re6 27. a4 Rf6 28.
Bg2 a5 29. Rd1 Ne8 30. Rd5 Qe7 31. bxa5 bxa5 32. Rc1 Re6 33. Rxa5 Nf6 34. Bh3
Nxe4 35. Qd4 f5 36. Ra7 Qf6 37. Qxf6 Nxf6 38. Bf1 Ne4 39. a5 d5 40. c5 Rec6 41.
Bg2 h6 42. Rd7 Ra8 43. Rxd5 Rxa5 44. Bxe4 fxe4 1/2-1/2

[Event "6tth ch-EUR IBCA 2015"]
[Site "Lyon FRA"]
[Date "2015.07.26"]
[Round "2.16"]
[White "Nizam, Rasim"]
[Black "Dalschaert, Didier"]
[Result "1-0"]
[WhiteTitle "IM"]
[WhiteElo "2180"]
[BlackElo "1836"]
[WhiteFideId "2906708"]
[BlackFideId "214019"]
[EventDate "2015.07.25"]

1. e4 c5 2. Nf3 d6 3. d4 cxd4 4. Nxd4 Nf6 5. Nc3 a6 6. Be2 e6 7. O-O Be7 8. Be3
O-O 9. f4 Qc7 10. Qe1 Nc6 11. Qg3 Bd7 12. a3 Rac8 13. Rad1 Nxd4 14. Bxd4 Bc6 15.
Kh1 b5 16. Bd3 Qb7 17. b4 g6 18. Rde1 Nh5 19. Qf2 f5 20. exf5 Nxf4 21. Qxf4
Bxg2+ 22. Kg1 Bxf1 23. Qxf1 e5 24. Be4 Qd7 25. Nd5 Bh4 26. Bf2 Bxf2+ 27. Qxf2
Qd8 28. f6 Rc4 29. Qg2 Qd7 30. Kh1 Kh8 31. Nb6 Rxe4 32. Qxe4 Qe6 33. Nd5 Rc8 34.
Rf1 Rc4 35. f7 Qxf7 36. Qxc4 1-0

[Event "6tth ch-EUR IBCA 2015"]
[Site "Lyon FRA"]
[Date "2015.07.26"]
[Round "2.17"]
[White "Kasimov, Rustam"]
[Black "Murgia, Stefano"]
[Result "1-0"]
[WhiteElo "2196"]
[BlackElo "1705"]
[WhiteFideId "4194071"]
[BlackFideId "876011"]
[EventDate "2015.07.25"]

1. d4 f5 2. c4 Nf6 3. Nf3 d6 4. g3 g6 5. Bg2 Bg7 6. Nc3 e6 7. O-O O-O 8. b4 Qe7
9. Rb1 c6 10. a4 a6 11. Qb3 Bd7 12. b5 axb5 13. axb5 e5 14. dxe5 dxe5 15. e4
Nxe4 16. Nxe4 fxe4 17. Ng5 e3 18. Bxe3 Ra3 19. Qb4 Qxb4 20. Rxb4 Bf5 21. bxc6
bxc6 22. Bc5 Na6 23. Bxf8 Bxf8 24. Rb7 Nc5 25. Rb8 h6 26. Nf3 Kg7 27. Nxe5 Bd6
28. Re8 Ne4 29. Nxc6 Nxf2 30. Rxf2 Bc5 31. Bf1 Ra2 32. Re2 Ra1 33. Kg2 Bd3 34.
Re5 Rxf1 35. Rxf1 Bxf1+ 36. Kxf1 1-0

[Event "6tth ch-EUR IBCA 2015"]
[Site "Lyon FRA"]
[Date "2015.07.26"]
[Round "2.18"]
[White "Platon, Constantin"]
[Black "Tonteri, Ari"]
[Result "0-1"]
[WhiteElo "1701"]
[BlackElo "1938"]
[WhiteFideId "13904264"]
[BlackFideId "503479"]
[EventDate "2015.07.25"]

1. e4 c5 2. Nf3 d6 3. c3 Nf6 4. d3 g6 5. Be2 Bg7 6. O-O O-O 7. Be3 Nc6 8. Nbd2
b6 9. Re1 Bb7 10. Nf1 d5 11. exd5 Nxd5 12. Bg5 h6 13. Bd2 e5 14. Ne3 Re8 15. Qc1
Nf4 16. Qc2 Qd7 17. Nc4 Rad8 18. Bxf4 exf4 19. Rad1 Qc7 20. Ncd2 Ne5 21. Nxe5
Rxe5 22. Nf3 Re7 23. Rd2 Bxf3 24. gxf3 Qe5 25. Qd1 Rde8 26. Kh1 Qf6 27. Kg2 Qg5+
28. Kh1 Qh4 29. Kg2 Re5 30. Rh1 Rg5+ 31. Kf1 Qh3+ 32. Ke1 Qxf3 0-1

[Event "6tth ch-EUR IBCA 2015"]
[Site "Lyon FRA"]
[Date "2015.07.26"]
[Round "2.19"]
[White "Bindzus, Ernst"]
[Black "Siret, Bernard"]
[Result "1-0"]
[WhiteElo "1890"]
[BlackElo "1698"]
[WhiteFideId "1411950"]
[BlackFideId "20618948"]
[EventDate "2015.07.25"]

1. e4 c5 2. Nc3 d6 3. f4 Nc6 4. Bb5 Bd7 5. Bc4 e6 6. Nf3 Nge7 7. O-O Nc8 8. d3
Be7 9. Qe1 O-O 10. Be3 Na5 11. Rd1 a6 12. a3 Nxc4 13. dxc4 g6 14. e5 dxe5 15.
Nxe5 Nb6 16. Ne4 f6 17. Nxd7 Nxd7 18. Nxc5 Bxc5 19. Bxc5 Re8 20. Bd4 Qe7 21. b4
f5 22. Bb2 Nf6 23. Qe5 Kf7 24. Rd7 Qxd7 25. Qxf6+ Kg8 26. Qh8+ Kf7 27. Qg7# 1-0

[Event "6tth ch-EUR IBCA 2015"]
[Site "Lyon FRA"]
[Date "2015.07.26"]
[Round "2.20"]
[White "Cizman, Gregor"]
[Black "Wikman, Bengt"]
[Result "1/2-1/2"]
[WhiteElo "1618"]
[BlackElo "1886"]
[WhiteFideId "14605660"]
[BlackFideId "503681"]
[EventDate "2015.07.25"]

1. d4 Nf6 2. Nf3 b6 3. c3 d5 4. Bf4 Nbd7 5. Nbd2 c5 6. e3 Nh5 7. Be5 Nxe5 8.
Nxe5 c4 9. Be2 Nf6 10. Bf3 e6 11. e4 Bd6 12. Nexc4 dxc4 13. e5 Bxe5 14. dxe5 Nd7
15. Nxc4 O-O 16. O-O Qc7 17. Qe2 Rb8 18. Rfe1 b5 19. Nd2 1/2-1/2

[Event "6tth ch-EUR IBCA 2015"]
[Site "Lyon FRA"]
[Date "2015.07.26"]
[Round "2.21"]
[White "Hilton, Stephen H"]
[Black "Drazetic, Novica"]
[Result "1-0"]
[WhiteElo "1880"]
[BlackElo "1613"]
[WhiteFideId "415030"]
[BlackFideId "14529483"]
[EventDate "2015.07.25"]

1. d4 d5 2. Nf3 e6 3. Bf4 c5 4. e3 Nc6 5. c3 Nf6 6. Be2 a6 7. Nbd2 c4 8. O-O Be7
9. Ne5 Nxe5 10. dxe5 Nd7 11. e4 b5 12. exd5 exd5 13. Nf3 Nc5 14. Nd4 Bb7 15. Nf5
Ne6 16. Bg3 Bc5 17. Nd6+ Bxd6 18. exd6 O-O 19. Bf3 Qf6 20. Bxd5 Bxd5 21. Qxd5
Rfd8 22. Rad1 Nf4 23. Bxf4 Qxf4 24. Rfe1 h6 25. d7 Kh7 26. Re7 f6 27. Rde1 Qg5
28. Qb7 Qf5 29. Qe4 Qxe4 30. R1xe4 Kg8 31. Re8+ Kf7 32. R4e7+ Kg6 33. g4 f5 34.
gxf5+ Kxf5 35. Rf7+ Kg6 36. Ree7 Rg8 37. Rf4 a5 1-0

[Event "6tth ch-EUR IBCA 2015"]
[Site "Lyon FRA"]
[Date "2015.07.26"]
[Round "2.22"]
[White "Nedu, Razvan"]
[Black "Holmela, Kari"]
[Result "1-0"]
[WhiteElo "1551"]
[BlackElo "1871"]
[WhiteFideId "1246119"]
[BlackFideId "505528"]
[EventDate "2015.07.25"]

1. e4 c5 2. Nf3 d6 3. d4 cxd4 4. Nxd4 Nf6 5. Nc3 e6 6. Bd3 Nc6 7. Nb3 a6 8. O-O
Be7 9. Nd2 O-O 10. b3 b5 11. Bb2 Bb7 12. a4 b4 13. Ne2 d5 14. exd5 exd5 15. Ng3
d4 16. Nde4 Nxe4 17. Bxe4 Bc5 18. Qh5 f5 19. Bxf5 Rxf5 20. Qxf5 Bb6 21. Rad1 Ne7
22. Qe6+ Kh8 23. Rfe1 Qd5 24. Qxd5 Nxd5 25. Bxd4 Bxd4 26. Rxd4 h6 27. f3 a5 28.
Nf5 1-0

[Event "6tth ch-EUR IBCA 2015"]
[Site "Lyon FRA"]
[Date "2015.07.26"]
[Round "2.23"]
[White "Deville, Olivier"]
[Black "Megelas, Florent"]
[Result "1-0"]
[WhiteElo "1868"]
[BlackElo "1504"]
[WhiteFideId "624160"]
[BlackFideId "642797"]
[EventDate "2015.07.25"]

1. c4 e6 2. Nf3 Nf6 3. g3 g6 4. Bg2 Bg7 5. O-O O-O 6. Re1 c6 7. d4 d5 8. Qc2 Re8
9. Nbd2 Nbd7 10. e4 dxe4 11. Nxe4 Nxe4 12. Qxe4 Qc7 13. Bf4 Qd8 14. Rad1 Nf6 15.
Qc2 Bd7 16. Qd2 a5 17. Bg5 Qb6 18. Ne5 Bc8 19. Qf4 Qd8 20. Qh4 a4 21. Ng4 Qe7
22. Bxf6 Qf8 23. Bxg7 Qxg7 24. Nf6+ Kf8 25. Nxe8 Kxe8 26. d5 Bd7 27. dxc6 bxc6
28. Rd6 g5 29. Qd4 Qxd4 30. Rxd4 1-0

[Event "6tth ch-EUR IBCA 2015"]
[Site "Lyon FRA"]
[Date "2015.07.26"]
[Round "2.24"]
[White "Dietsche, Birgit"]
[Black "Gasperoni, Claudio"]
[Result "0-1"]
[WhiteElo "1487"]
[BlackElo "1867"]
[WhiteFideId "4637488"]
[BlackFideId "825450"]
[EventDate "2015.07.25"]

1. d4 d5 2. Bf4 c5 3. e3 Nc6 4. Nf3 Qb6 5. Nc3 Nf6 6. dxc5 Qxb2 7. Na4 Qb4+ 8.
c3 Qa5 9. Bd3 Bg4 10. Be2 e6 11. O-O Bxc5 12. Nxc5 Qxc5 13. Rc1 O-O 14. h3 Bh5
15. Ne5 Bxe2 16. Qxe2 Nxe5 17. Bxe5 Nd7 18. Bd4 Qa5 19. c4 Qa6 20. Rfe1 Rac8 21.
Qg4 e5 22. Qxd7 exd4 23. exd4 dxc4 24. Rc2 Rcd8 25. Qg4 b5 26. Re4 f5 27. Qf4
fxe4 28. Qxe4 0-1